| 000 -LEADER |
| fixed length control field |
01256pam a22003614i 4500 |
| 001 - CONTROL NUMBER |
| control field |
991061335149606706 |
| 003 - CONTROL NUMBER IDENTIFIER |
| control field |
ES-BaBAB |
| 005 - DATE AND TIME OF LATEST TRANSACTION |
| control field |
20260130124857.0 |
| 008 - FIXED-LENGTH DATA ELEMENTS--GENERAL INFORMATION |
| fixed length control field |
250514s2025 spc||||| |||||0|| 0|cat|c |
| 017 ## - COPYRIGHT OR LEGAL DEPOSIT NUMBER |
| Copyright or legal deposit number |
DL B 9353-2025 |
| Assigning agency |
Biblioteca de Catalunya |
| 020 ## - INTERNATIONAL STANDARD BOOK NUMBER |
| International Standard Book Number |
9788410501591 |
| Qualifying information |
(Edicions UB) |
| 020 ## - INTERNATIONAL STANDARD BOOK NUMBER |
| International Standard Book Number |
9788491445586 |
| Qualifying information |
(Edicions UdL) |
| 040 ## - CATALOGING SOURCE |
| Original cataloging agency |
ES-BaUB |
| Language of cataloging |
cat |
| Description conventions |
rda |
| Transcribing agency |
ES-BaUB |
| 080 ## - UNIVERSAL DECIMAL CLASSIFICATION NUMBER |
| Universal Decimal Classification number |
1(09) |
| 100 1# - MAIN ENTRY--PERSONAL NAME |
| Personal name |
Lluís Font, Pere |
| Dates associated with a name |
1934- |
| Relator term |
autor |
| 9 (RLIN) |
164725 |
| 245 13 - TITLE STATEMENT |
| Title |
La filosofia al natural / |
| Statement of responsibility, etc. |
Pere Lluís Font |
| 264 #1 - PRODUCTION, PUBLICATION, DISTRIBUTION, MANUFACTURE, AND COPYRIGHT NOTICE |
| Place of production, publication, distribution, manufacture |
Barcelona : |
| Name of producer, publisher, distributor, manufacturer |
Edicions de la Universitat de Barcelona : |
| -- |
Edicions de la Universitat de Lleida, |
| Date of production, publication, distribution, manufacture, or copyright notice |
2025 |
| 300 ## - PHYSICAL DESCRIPTION |
| Extent |
246 pàgines ; |
| Dimensions |
21 cm |
| 336 ## - CONTENT TYPE |
| Content type term |
text |
| Content type code |
txt |
| Source |
rdacontent |
| 337 ## - MEDIA TYPE |
| Media type term |
sense mediació |
| Media type code |
n |
| Source |
rdamedia |
| 338 ## - CARRIER TYPE |
| Carrier type term |
volum |
| Carrier type code |
nc |
| Source |
rdacarrier |
| 490 1# - SERIES STATEMENT |
| Series statement |
Filosofia UB |
| 500 ## - GENERAL NOTE |
| General note |
Inclou notes |
| 600 17 - SUBJECT ADDED ENTRY--PERSONAL NAME |
| Personal name |
Montaigne, Michel de |
| Dates associated with a name |
1533-1592 |
| Source of heading or term |
cantic |
| 9 (RLIN) |
19339 |
| 600 17 - SUBJECT ADDED ENTRY--PERSONAL NAME |
| Personal name |
Descartes, René |
| Dates associated with a name |
1596-1650 |
| Source of heading or term |
cantic |
| 9 (RLIN) |
183421 |
| 600 17 - SUBJECT ADDED ENTRY--PERSONAL NAME |
| Personal name |
Pascal, Blaise |
| Dates associated with a name |
1623-1662 |
| Source of heading or term |
cantic |
| 9 (RLIN) |
160351 |
| 650 #7 - SUBJECT ADDED ENTRY--TOPICAL TERM |
| Topical term or geographic name entry element |
Filosofia moderna |
| Source of heading or term |
thub |
| 9 (RLIN) |
76256 |
| 650 #7 - SUBJECT ADDED ENTRY--TOPICAL TERM |
| Topical term or geographic name entry element |
Filosofia cristiana |
| Source of heading or term |
thub |
| 9 (RLIN) |
18765 |
| 650 #7 - SUBJECT ADDED ENTRY--TOPICAL TERM |
| Topical term or geographic name entry element |
Ciència |
| General subdivision |
Filosofia |
| 9 (RLIN) |
63813 |
| 650 #7 - SUBJECT ADDED ENTRY--TOPICAL TERM |
| Topical term or geographic name entry element |
Filosofia |
| General subdivision |
Història |
| Source of heading or term |
lemac |
| 9 (RLIN) |
37393 |
| 650 #7 - SUBJECT ADDED ENTRY--TOPICAL TERM |
| Topical term or geographic name entry element |
Filosofia |
| Source of heading or term |
thub |
| 9 (RLIN) |
234886 |
| 830 #0 - SERIES ADDED ENTRY--UNIFORM TITLE |
| Uniform title |
Filosofia UB |
| 9 (RLIN) |
5301 |
| 908 ## - PUT COMMAND PARAMETER (RLIN) |
| Put command parameter |
UB |
| -- |
BAB |
| 940 ## - EQUIVALENCE OR CROSS-REFERENCE--UNIFORM TITLE [OBSOLETE] [CAN/MARC only] |
| Uniform title |
UB |
| 942 ## - ADDED ENTRY ELEMENTS (KOHA) |
| Source of classification or shelving scheme |
|
| Koha item type |
Llibres |
| Koha issues (borrowed), all copies |
2 |